000
00221 a2200097 4500
001
18451
100
_a
Tolstoy
245
_a
Six short masterpcieces by tolstoy
260
_a
_b
Dell publishing co
_c
090
_c
13690
_d
13690
942
_a
NUST-CAE
_c
M
_c
4103
999
_c
253524
_d
253524